000 00310nam a22001217a 4500
020 _a9788121925945
082 _a624.17
_bRAJ/ST
100 _aRajput,R K
245 _aStrenth of materials
260 _aNew Delhi
_bS Chand & Company Ltd
_c2012
300 _a1448
_bMulticolour illustration edition
942 _cBK
999 _c14028
_d14028